000 00269nam a22001217a 4500
008 170814b xxu||||| |||| 00| 0 eng d
041 _aeng
080 _a51
100 _a36
101 _aMAN
245 _aSINGLE VARIABLE CALCULUS
_cSTEWART.J
942 _2udc
_cBK
999 _c23339
_d23339